Komplexná analýza hardvérového vybavenia v podniku diplomová práca

Na minha lista:
Detalhes bibliográficos
Autor principal: Vencelík, Lukáš
Autor Corporativo: Fakulta hospodárskej informatiky EU. Katedra aplikovanej informatiky
Outros Autores: Cárachová, Magdaléna
Formato: Livro
Idioma:eslovaco
Publicado em: Bratislava 2011
Tags: Adicionar Tag
Sem tags, seja o primeiro a adicionar uma tag!

MARC

LEADER 00000nbm a2200000 4500
001 0140892
005 20161109101957.9
041 0 |a slo 
044 |a SK 
245 1 0 |a Komplexná analýza hardvérového vybavenia v podniku  |b diplomová práca  |c Lukáš Vencelík ; školiteľ: Magdaléna Cárachová 
264 1 |a Bratislava  |c 2011 
300 |a 75 s. 
100 1 |a Vencelík, Lukáš 
700 1 |a Cárachová, Magdaléna 
710 2 |a Fakulta hospodárskej informatiky EU. Katedra aplikovanej informatiky